[Event "4NCL/Div3/PPA1 vs. ATH"]
[Site "Telford ENG"]
[Date "2005.02.27"]
[Round "6.3"]
[White "Byway, Paul"]
[Black "McKeown, Paul"]
[Result "1-0"]
[WhiteElo "2193"]
[BlackElo "2095"]
[PlyCount "80"]
[EventDate "2005.02.27"]
[EventType "team"]
[EventRounds "11"]
[EventCountry "ENG"]
[SourceDate "2004.09.21"]

1. Nf3 d5 2. d4 Nf6 3. Bf4 Bf5 4. e3 e6 5. Be2 Be7 6. O-O O-O 7. h3 h6 8. c4
dxc4 9. Bxc4 c5 10. Nc3 cxd4 11. Nxd4 Bg6 12. Qb3 Qb6 13. Qxb6 axb6 14. Rfd1
Nc6 15. Ndb5 e5 16. Bg3 Ne4 17. Nxe4 Bxe4 18. Nc3 Bg6 19. Rd7 Bd8 20. Bd5 Na5
21. e4 Bf6 22. Rd6 Rfd8 23. Rxb6 Rac8 24. Rb5 Nc4 25. Bxc4 Rxc4 26. f3 Rd2 27.
Rxb7 Rcd4 28. Be1 R2d3 29. a4 Bg5 30. a5 f5 31. a6 Rd8 32. a7 Be3+ 33. Kf1 Bxa7
34. Raxa7 Kh8 35. Rxg7 R8d6 36. Rge7 fxe4 37. Ra8+ Rd8 38. Rxd8+ Rxd8 39. Nxe4
Rb8 40. Bc3 Bxe4 1-0

[Event "4NCL/Div3/PPA1 vs. ATH"]
[Site "Telford ENG"]
[Date "2005.02.27"]
[Round "6.4"]
[White "Quinn, John M"]
[Black "Harley, Andrew"]
[Result "0-1"]
[WhiteElo "2157"]
[BlackElo "2237"]
[PlyCount "64"]
[EventDate "2005.02.27"]
[EventType "team"]
[EventRounds "11"]
[EventCountry "ENG"]
[SourceDate "2004.09.21"]

1. d4 e6 2. c4 Nf6 3. Nc3 Bb4 4. Qc2 O-O 5. Bg5 c5 6. dxc5 Na6 7. a3 Bxc3+ 8.
Qxc3 Nxc5 9. f3 Nfe4 10. Bxd8 Nxc3 11. Be7 Nb3 12. Bxf8 Kxf8 13. Rd1 Nxd1 14.
Kxd1 b6 15. Kc2 Na5 16. b3 d5 17. cxd5 exd5 18. e4 dxe4 19. b4 Nc6 20. fxe4 Bb7
21. Nf3 Re8 22. Bd3 Ne5 23. Nxe5 Rxe5 24. Re1 Ke7 25. g4 Kd6 26. Rd1 Re7 27. h4
Ke5 28. Rf1 Rd7 29. Rf5+ Kd4 30. e5 Ke3 31. e6 Rc7+ 32. Kb3 fxe6 0-1

[Event "4NCL/Div3/PPA1 vs. ATH"]
[Site "Telford ENG"]
[Date "2005.02.27"]
[Round "6.5"]
[White "Rosen, Daniel B"]
[Black "Stevenson, James A B"]
[Result "1-0"]
[WhiteElo "2167"]
[BlackElo "2092"]
[PlyCount "97"]
[EventDate "2005.02.27"]
[EventType "team"]
[EventRounds "11"]
[EventCountry "ENG"]
[SourceDate "2004.09.21"]

1. e4 Nf6 2. e5 Nd5 3. d4 d6 4. c4 Nb6 5. f4 dxe5 6. fxe5 Nc6 7. Be3 Bf5 8. Nc3
e6 9. Nf3 Be7 10. Be2 O-O 11. O-O f6 12. exf6 Bxf6 13. Qd2 Qd7 14. Rad1 Rad8
15. Qc1 Qe8 16. Rd2 Rf7 17. Rfd1 Rfd7 18. b3 Kh8 19. h3 h6 20. Kh1 Bg6 21. Bd3
Bxd3 22. Rxd3 Qg6 23. R3d2 Qf5 24. Qb1 Ne7 25. Ne4 Rb8 26. Nc5 Rd6 27. Qxf5
exf5 28. Bf4 Rc6 29. Nd3 Nd7 30. d5 Ra6 31. Bxc7 Rc8 32. Nb4 Ra3 33. Bd6 Ng6
34. Re2 Ra5 35. Rde1 Bc3 36. Re8+ Rxe8 37. Rxe8+ Kh7 38. a4 Nf6 39. Re6 Ne4 40.
Na2 Nxd6 41. Nxc3 Ra6 42. c5 Ne4 43. Nxe4 Rxe6 44. Neg5+ hxg5 45. Nxg5+ Kg8 46.
Nxe6 Ne5 47. Nd8 Kf8 48. Nxb7 Ke7 49. c6 1-0

[Event "4NCL/Div3/PPA1 vs. ATH"]
[Site "Telford ENG"]
[Date "2005.02.27"]
[Round "6.6"]
[White "Gruettner, Ralf"]
[Black "Gregory, Stephen J"]
[Result "1/2-1/2"]
[WhiteElo "2044"]
[BlackElo "2167"]
[PlyCount "133"]
[EventDate "2005.02.27"]
[EventType "team"]
[EventRounds "11"]
[EventCountry "ENG"]
[SourceDate "2004.09.21"]

1. d4 Nf6 2. c4 Nc6 3. Nc3 e5 4. d5 Ne7 5. e4 Ng6 6. Nge2 Bc5 7. f3 O-O 8. g3
a6 9. Qd3 d6 10. a3 a5 11. Be3 Nd7 12. Na4 Bxe3 13. Qxe3 f5 14. exf5 Rxf5 15.
Bh3 Rf6 16. O-O Ndf8 17. Bxc8 Qxc8 18. Nac3 Qd7 19. Ne4 Rf7 20. N2c3 h6 21. c5
Ne7 22. cxd6 cxd6 23. Qd3 Nf5 24. Nb5 Ng6 25. Rac1 Qd8 26. Kg2 Qb6 27. Rc3 Raf8
28. Kh1 a4 29. b3 Nd4 30. Nexd6 Rf6 31. Nxd4 exd4 32. Nc8 Qa6 33. Rc4 axb3 34.
Qxb3 Ne5 35. Rcc1 Rxf3 36. Rxf3 Rxf3 37. Qd1 Rf8 38. d6 b5 39. Ne7+ Kh7 40.
Qxd4 Qb7+ 41. Qd5 Qxd5+ 42. Nxd5 Rd8 43. Rd1 Rxd6 44. Rd4 Nc4 45. Rd3 Nb6 46.
Nb4 Rxd3 47. Nxd3 Nc4 48. Kg2 Nxa3 49. Kf3 Kg6 50. Ke4 Kf6 51. Kd5 Kf5 52. Kc5
Kg4 53. Nf4 g5 54. Nd5 Kh3 55. Nf6 Kxh2 56. Ng4+ Kxg3 57. Nxh6 Kf4 58. Kb4 Nc4
59. Kxb5 Nd6+ 60. Kc5 Nf5 61. Ng8 Ke5 62. Kc4 Ke6 63. Kd3 Kf7 64. Ke4 g4 65.
Kf4 g3 66. Nh6+ Kf6 67. Kf3 1/2-1/2

[Event "4NCL/Div3/PPA1 vs. ATH"]
[Site "Telford ENG"]
[Date "2005.02.27"]
[Round "6.7"]
[White "Goodger, Martyn"]
[Black "Dalmau, Anneli"]
[Result "0-1"]
[WhiteElo "2161"]
[BlackElo "2087"]
[PlyCount "68"]
[EventDate "2005.02.27"]
[EventType "team"]
[EventRounds "11"]
[EventCountry "ENG"]
[SourceDate "2004.09.21"]

1. e4 e5 2. Nf3 Nc6 3. d4 exd4 4. Nxd4 Nf6 5. Nxc6 bxc6 6. e5 Qe7 7. Qe2 Nd5 8.
c4 Nb6 9. g3 Qe6 10. Nd2 a5 11. f4 a4 12. Rb1 Bb4 13. b3 axb3 14. axb3 d5 15.
Qd3 O-O 16. Be2 f6 17. O-O fxe5 18. fxe5 Rxf1+ 19. Bxf1 Qf7 20. Qf3 Bf5 21. Bd3
Bxd3 22. Qxd3 Rf8 23. Qe3 d4 24. Qxd4 Nd7 25. e6 Qxe6 26. Qe4 Bc5+ 27. Kh1 Rf1+
28. Kg2 Rg1+ 29. Kf3 Ne5+ 30. Ke2 Qf6 31. Nf3 Rg2+ 32. Kd1 Qxf3+ 33. Qxf3 Nxf3
34. Bf4 Ba3 0-1

[Event "4NCL/Div3/PPA1 vs. ATH"]
[Site "Telford ENG"]
[Date "2005.02.27"]
[Round "6.8"]
[White "Gostelow, David W"]
[Black "Djabri, Kathy"]
[Result "1/2-1/2"]
[WhiteElo "2065"]
[BlackElo "2013"]
[PlyCount "117"]
[EventDate "2005.02.27"]
[EventType "team"]
[EventRounds "11"]
[EventCountry "ENG"]
[SourceDate "2004.09.21"]

1. d4 Nf6 2. Nf3 g6 3. Bf4 Bg7 4. e3 O-O 5. Be2 d6 6. h3 c5 7. c3 Qb6 8. Qc1
Nc6 9. O-O Bf5 10. Nbd2 cxd4 11. exd4 Rac8 12. Nc4 Qd8 13. Re1 Nd5 14. Bh6 Re8
15. Bxg7 Kxg7 16. Qd2 h6 17. Bf1 Na5 18. Na3 a6 19. g4 Bd7 20. c4 Nf6 21. b4
Nc6 22. d5 Nb8 23. Qd4 Kg8 24. c5 dxc5 25. bxc5 Qa5 26. Nc4 Qxc5 27. Nb6 {=}
Qxd4 28. Nxd4 Rcd8 29. Bg2 h5 {=} 30. g5 Nh7 31. h4 Nf8 32. Rac1 Bg4 33. Rc7
Nfd7 34. Rxb7 Nxb6 35. Rxb6 Kf8 36. Nc6 Nxc6 37. dxc6 Rd4 38. Rxa6 Bc8 39. Ra7
Rxh4 40. c7 Rc4 41. Rb1 e5 42. Rb8 e4 43. Raa8 Rxc7 44. Bh3 e3 45. fxe3 Rxe3
46. Rxc8+ Rxc8 47. Rxc8+ Ke7 48. Bg2 Re5 49. Rc7+ Kf8 {=} 50. a4 Ra5 51. Rc8+
Ke7 52. Ra8 Rxg5 53. a5 h4 54. Kh2 Rc5 55. a6 Ra5 56. Bf1 Ra3 57. Rb8 g5 58.
Rb7+ Kf6 59. a7 1/2-1/2

[Event "4NCL/Div3/FCA1 vs. SCS1"]
[Site "Telford ENG"]
[Date "2005.02.27"]
[Round "6.1"]
[White "Macdonald-Ross, Michael"]
[Black "Dickinson, Timothy R"]
[Result "1-0"]
[WhiteElo "2195"]
[BlackElo "2176"]
[PlyCount "65"]
[EventDate "2005.02.27"]
[EventType "team"]
[EventRounds "11"]
[EventCountry "ENG"]
[SourceDate "2004.09.21"]

1. d4 Nf6 2. Nf3 c5 3. d5 b5 4. Bg5 Qb6 5. a4 bxa4 6. Nc3 Qxb2 7. Bd2 Qb6 8. e4
d6 9. Be2 g6 10. e5 dxe5 11. Nxe5 Bg7 12. O-O O-O 13. Bf3 Ba6 14. Re1 Nbd7 15.
Nc6 Rae8 16. Nxa4 Qc7 17. Nc3 Bc4 18. Rxa7 Qd6 19. Qc1 e5 20. dxe6 Rxe6 21. Rd1
Ne5 22. Nxe5 Qxe5 23. Ra4 Ba6 24. Re1 Qd6 25. Rxe6 fxe6 26. Bh6 Rf7 27. Bxg7
Kxg7 28. Qa1 Bb7 29. Bxb7 Rxb7 30. Ne4 Qe7 31. h3 h6 32. Ra6 Kf7 33. Nd6+ 1-0

[Event "4NCL/Div3/FCA1 vs. SCS1"]
[Site "Telford ENG"]
[Date "2005.02.27"]
[Round "6.2"]
[White "Reynolds, D Ian"]
[Black "Smith, Graham"]
[Result "1/2-1/2"]
[WhiteElo "2101"]
[BlackElo "2118"]
[PlyCount "26"]
[EventDate "2005.02.27"]
[EventType "team"]
[EventRounds "11"]
[EventCountry "ENG"]
[SourceDate "2004.09.21"]

1. e4 d6 2. d4 Nf6 3. Nc3 g6 4. Nge2 c6 5. a4 Bg7 6. g3 O-O 7. Bg2 a5 8. O-O
Na6 9. h3 d5 10. exd5 Nxd5 11. Nxd5 cxd5 12. Nf4 e6 13. c3 Bd7 1/2-1/2

[Event "4NCL/Div3/FCA1 vs. SCS1"]
[Site "Telford ENG"]
[Date "2005.02.27"]
[Round "6.3"]
[White "Fraser-Mitchell, Jeremy"]
[Black "Lutton, E Josiah"]
[Result "0-1"]
[WhiteElo "2092"]
[BlackElo "2062"]
[PlyCount "60"]
[EventDate "2005.02.27"]
[EventType "team"]
[EventRounds "11"]
[EventCountry "ENG"]
[SourceDate "2004.09.21"]

1. d4 e6 2. c4 Nf6 3. Nc3 Bb4 4. Bg5 h6 5. Bh4 c5 6. d5 d6 7. e3 e5 8. Bd3 e4
9. Bc2 Bxc3+ 10. bxc3 Nbd7 11. Ne2 b6 12. Qb1 g5 13. Bg3 Qe7 14. Ba4 Nh5 15.
Kd2 f5 16. f3 exf3 17. gxf3 Kd8 18. Bxd7 Bxd7 19. a4 f4 20. exf4 Re8 21. Re1
Qe3+ 22. Kd1 Qxf3 23. Qg6 Kc7 24. a5 Nxf4 25. Bxf4 gxf4 26. Ra2 Qe3 27. Qxh6
Qd3+ 28. Kc1 Bf5 29. Rb2 f3 30. Rg1 fxe2 0-1

[Event "4NCL/Div3/FCA1 vs. SCS1"]
[Site "Telford ENG"]
[Date "2005.02.27"]
[Round "6.4"]
[White "Moyse, Nigel"]
[Black "Freeman, Richard C P"]
[Result "1-0"]
[WhiteElo "2054"]
[BlackElo "2117"]
[PlyCount "113"]
[EventDate "2005.02.27"]
[EventType "team"]
[EventRounds "11"]
[EventCountry "ENG"]
[SourceDate "2004.09.21"]

1. d4 g6 2. c4 Bg7 3. Nc3 d6 4. e4 Nc6 5. Be3 Nh6 6. f3 f5 7. Qd2 Nf7 8. d5
Nce5 9. f4 Ng4 10. Bd4 Bxd4 11. Qxd4 e5 12. dxe6 Bxe6 13. Nf3 O-O 14. h3 c5 15.
Qd2 Nf6 16. exf5 Bxf5 17. Be2 Ne4 18. Nxe4 Bxe4 19. O-O Qf6 20. Nh2 Rad8 21.
Ng4 Qg7 22. Ne3 Rde8 23. Bf3 Qd4 24. Qxd4 cxd4 25. Ng4 Kg7 26. Rad1 Bxf3 27.
Rxf3 h5 28. Nh2 Re4 29. f5 Ne5 30. Rb3 Rxf5 31. Rxb7+ Rf7 32. Rxf7+ Kxf7 33. b3
Ke6 34. Kf2 d3 35. Rd2 d5 36. cxd5+ Kxd5 37. Nf3 Rf4 38. Kg3 Ke4 39. Nxe5 h4+
40. Kh2 Kxe5 41. Rxd3 Rf2 {=} 42. a3 a5 43. Rc3 Kd6 44. Rc4 g5 45. Rg4 Rf5 46.
g3 hxg3+ 47. Kxg3 Kc6 48. Rd4 Rb5 49. Rd3 Re5 50. Kg4 Kc5 51. Kh5 Kc6 52. Rg3
Kb6 53. Kg6 Rb5 54. a4 Rc5 55. Rxg5 Rc6+ 56. Kh5 Ka6 57. Rg6 1-0

[Event "4NCL/Div3/FCA1 vs. SCS1"]
[Site "Telford ENG"]
[Date "2005.02.27"]
[Round "6.5"]
[White "Reuben, Stewart"]
[Black "Hawrami, Dana"]
[Result "0-1"]
[WhiteElo "2147"]
[BlackElo "2026"]
[PlyCount "90"]
[EventDate "2005.02.27"]
[EventType "team"]
[EventRounds "11"]
[EventCountry "ENG"]
[SourceDate "2004.09.21"]

1. c4 Nf6 2. g3 g6 3. Bg2 Bg7 4. Nc3 d6 5. e4 O-O 6. Nge2 e5 7. d4 Nc6 8. d5
Ne7 9. O-O Nd7 10. Be3 f5 11. Qd2 Nf6 12. Bg5 a6 13. b4 Qe8 14. c5 Qf7 15. f4
exf4 16. cxd6 cxd6 17. Qxf4 Nxe4 18. Bxe4 fxe4 19. Qxe4 Nf5 20. g4 Re8 21. Qc4
Rxe2 22. Nxe2 Bxa1 {=} 23. Rxa1 Ng7 24. Rf1 Qe8 25. Bh6 Qe7 26. Ng3 Bd7 27. Qf4
Re8 28. Ne4 Nf5 29. gxf5 Qxe4 30. f6 Bf5 31. Qxd6 Qd4+ 32. Rf2 Re1+ 33. Kg2
Qe4+ 34. Rf3 Bh3+ 35. Kxh3 Qxf3+ 36. Qg3 Qxg3+ 37. Kxg3 Rd1 38. Bg5 Rxd5 39. h4
Kf7 40. Kf3 Rb5 41. a3 a5 42. Bd2 Kxf6 43. Ke4 axb4 44. axb4 Rh5 45. Bg5+ Rxg5
0-1

[Event "4NCL/Div3/FCA1 vs. SCS1"]
[Site "Telford ENG"]
[Date "2005.02.27"]
[Round "6.6"]
[White "Kilpatrick, Callum"]
[Black "Kendall, Paul S N"]
[Result "1-0"]
[WhiteElo "1955"]
[BlackElo "2064"]
[PlyCount "81"]
[EventDate "2005.02.27"]
[EventType "team"]
[EventRounds "11"]
[EventCountry "ENG"]
[SourceDate "2004.09.21"]

1. e4 e5 2. Nf3 Nc6 3. d4 exd4 4. Nxd4 Nf6 5. Nxc6 bxc6 6. e5 Qe7 7. Qe2 Nd5 8.
c4 Ba6 9. b3 Qh4 10. a3 O-O-O 11. g3 Qe7 12. Bg2 f6 13. exf6 Qxe2+ 14. Kxe2
Nxf6 15. Be3 c5 16. Rd1 d5 17. Ke1 d4 18. Bg5 Be7 19. Kf1 h6 20. Bd2 Bd6 21.
Rc1 Bb7 22. b4 Bxg2+ 23. Kxg2 Rhf8 24. bxc5 Bxc5 25. Bb4 Bxb4 {=} 26. axb4 Kb7
27. Nd2 Ng4 28. Ne4 Rde8 29. Nc5+ Ka8 30. Rc2 Rf7 31. h3 Nf6 32. b5 Nd7 33.
Rca2 Nxc5 34. Rxa7+ Kb8 35. Ra8+ Kb7 36. Rxe8 d3 37. Raa8 c6 38. Reb8+ Kc7 39.
b6+ Kd6 40. Rd8+ Ke5 41. Ra5 1-0

[Event "4NCL/Div3/FCA1 vs. SCS1"]
[Site "Telford ENG"]
[Date "2005.02.27"]
[Round "6.7"]
[White "Elwin, Adrian G"]
[Black "Sen, Subin"]
[Result "0-1"]
[WhiteElo "2077"]
[BlackElo "1935"]
[PlyCount "78"]
[EventDate "2005.02.27"]
[EventType "team"]
[EventRounds "11"]
[EventCountry "ENG"]
[SourceDate "2004.09.21"]

1. Nf3 Nf6 2. c4 c5 3. d4 cxd4 4. Nxd4 d6 5. Nc3 Nc6 6. e4 g6 7. Be2 Bg7 8. Be3
O-O 9. O-O Bd7 10. Rb1 Rc8 11. f4 a6 12. Nc2 Na5 13. b3 b5 14. e5 Ne8 15. Nd5
Rb8 16. cxb5 Bxb5 17. Bxb5 axb5 18. Ndb4 Qd7 19. Qd2 Nc6 20. Nxc6 Qxc6 21. Nb4
Qb7 22. Rbc1 Rc8 23. Qd5 Rc7 24. Rxc7 Qxc7 25. Rc1 Qd7 26. Qc6 Qe6 27. Nd3 f6
28. Nc5 Qf5 29. Nd7 Rf7 30. Qxb5 fxe5 31. fxe5 dxe5 32. Rf1 Qe6 33. Rxf7 Kxf7
34. Qc4 Qxc4 35. bxc4 Ke6 36. Nb6 Nc7 37. Na4 Kd7 38. Kf2 Kc6 39. c5 Nd5 {time}
0-1

[Event "4NCL/Div3/FCA1 vs. SCS1"]
[Site "Telford ENG"]
[Date "2005.02.27"]
[Round "6.8"]
[White "Lowry-O'Reilly, Hannah"]
[Black "Chidi, Silvia"]
[Result "1/2-1/2"]
[WhiteElo "1765"]
[BlackElo "1905"]
[PlyCount "53"]
[EventDate "2005.02.27"]
[EventType "team"]
[EventRounds "11"]
[EventCountry "ENG"]
[SourceDate "2004.09.21"]

1. d4 Nf6 2. c4 g6 3. Nc3 Bg7 4. Bg5 d6 5. e3 O-O 6. Bd3 c5 7. dxc5 dxc5 8. Rc1
Nc6 9. h3 Be6 10. b3 h6 11. Bh4 Nb4 12. Bb1 Qxd1+ 13. Rxd1 g5 14. Bg3 Nh5 15.
Nce2 Nxg3 16. Nxg3 Rad8 17. N1e2 Rxd1+ 18. Kxd1 Rd8+ 19. Kc1 Nd3+ 20. Bxd3 Rxd3
21. Kc2 Rd8 22. Nc3 a6 23. Na4 Rc8 24. Rd1 b5 25. cxb5 axb5 26. Nc3 b4 27. Nce2
1/2-1/2

[Event "4NCL/Div3/SCS1 vs. OXF1"]
[Site "Telford ENG"]
[Date "2005.04.16"]
[Round "7.1"]
[White "Dickinson, Timothy R"]
[Black "Ozeren, Kemal"]
[Result "0-1"]
[WhiteElo "2176"]
[BlackElo "2292"]
[PlyCount "88"]
[EventDate "2005.04.16"]
[EventType "team"]
[EventRounds "11"]
[EventCountry "ENG"]
[SourceDate "2004.09.21"]

1. d4 d5 2. e4 c6 3. exd5 cxd5 4. Nf3 Nf6 5. c4 e6 6. Nc3 Bb4 7. cxd5 Nxd5 8.
Bd2 Nc6 9. Bd3 O-O 10. O-O Be7 11. Qe2 Bf6 12. Qe4 g6 13. Bh6 Re8 14. Rad1 b6
15. Rfe1 Bb7 16. Nxd5 Qxd5 17. Qxd5 exd5 18. Rxe8+ {=} Rxe8 19. Be3 Nb4 20. Bb1
Rc8 21. Bd2 Nc2 22. Bc3 Na3 23. Bd3 Nc4 24. Ne5 Nd6 25. f3 Bg7 26. Re1 f6 27.
Ng4 Kf7 28. Bb4 Bf8 29. Nh6+ Bxh6 30. Bxd6 Rc1 31. Kf2 Rxe1 32. Kxe1 Be3 33.
Bb8 a5 34. Bg3 Bxd4 35. Bf2 Bc5 36. a3 Ke6 37. f4 Bxf2+ 38. Kxf2 d4 39. g4 Kd6
40. h4 Bc8 41. Kg3 f5 42. g5 Kc5 43. h5 Be6 44. h6 Bc4 0-1

[Event "4NCL/Div3/SCS1 vs. OXF1"]
[Site "Telford ENG"]
[Date "2005.04.16"]
[Round "7.2"]
[White "Savage, Ben D"]
[Black "Reynolds, D Ian"]
[Result "1/2-1/2"]
[WhiteElo "2300"]
[BlackElo "2101"]
[PlyCount "43"]
[EventDate "2005.04.16"]
[EventType "team"]
[EventRounds "11"]
[EventCountry "ENG"]
[SourceDate "2004.09.21"]

1. d4 Nf6 2. Nf3 g6 3. Nc3 d5 4. Bf4 Bg7 5. e3 c6 6. Be2 Bg4 7. Qd2 Nbd7 8. h3
Bf5 9. Ne5 Ne4 10. Nxe4 dxe4 11. Nxd7 Qxd7 12. f3 exf3 13. Bxf3 Qe6 14. O-O Be4
15. Qb4 b6 16. c4 O-O 17. Rad1 Bxf3 18. gxf3 Qxh3 {=} 19. Qxe7 Bh6 20. Bxh6
Qg3+ 21. Kh1 Qh3+ 22. Kg1 1/2-1/2

[Event "4NCL/Div3/SCS1 vs. OXF1"]
[Site "Telford ENG"]
[Date "2005.04.16"]
[Round "7.3"]
[White "Hawrami, Dana"]
[Black "Rawlinson, Aidan"]
[Result "1/2-1/2"]
[WhiteElo "2057"]
[BlackElo "2173"]
[PlyCount "111"]
[EventDate "2005.04.16"]
[EventType "team"]
[EventRounds "11"]
[EventCountry "ENG"]
[SourceDate "2004.09.21"]

1. d4 f5 2. c4 Nf6 3. Nf3 g6 4. g3 Bg7 5. Bg2 O-O 6. O-O d6 7. Nc3 c6 8. Rb1
Ne4 9. Qb3 Kh8 10. d5 Nxc3 11. bxc3 Qa5 12. Bb2 c5 13. e3 Nd7 14. Nd2 Nb6 15.
Rbc1 Bd7 16. Bf3 Ba4 17. Qa3 Qa6 18. Bd1 Rab8 19. Bb3 Bd7 20. f4 Na4 21. Kh1
Nxb2 22. Qxb2 b5 23. Qc2 b4 24. cxb4 {=} Rxb4 25. Nf3 Qb7 26. Rb1 Rb8 27. Nd2
e6 28. Kg1 exd5 29. cxd5 Qa6 30. Bc4 Qa3 31. Rb3 Rxb3 32. axb3 Re8 33. Re1 Qb4
34. Re2 a5 35. Nf3 a4 36. bxa4 Bxa4 37. Qd3 Bd1 38. Qxd1 Qxc4 39. Ng5 Kg8 40.
Ne6 Ra8 41. Nxg7 Kxg7 42. Qd2 Ra1+ 43. Kf2 Rh1 44. Qb2+ Kh6 45. Qf6 Qxd5 46.
Qg5+ Kg7 47. Qe7+ Qf7 48. Qxd6 Rxh2+ 49. Kf1 Rxe2 50. Kxe2 Qa2+ 51. Kf3 Qa7 52.
Qe5+ Kh6 53. Qe6 Qb7+ 54. Kf2 Qh1 55. Qe7 Qh2+ 56. Kf3 1/2-1/2

[Event "4NCL/Div3/SCS1 vs. OXF1"]
[Site "Telford ENG"]
[Date "2005.04.16"]
[Round "7.4"]
[White "Milovanovic, Aleksander"]
[Black "Moyse, Nigel"]
[Result "1-0"]
[WhiteElo "2155"]
[BlackElo "2054"]
[PlyCount "93"]
[EventDate "2005.04.16"]
[EventType "team"]
[EventRounds "11"]
[EventCountry "ENG"]
[SourceDate "2004.09.21"]

1. d4 Nf6 2. c4 g6 3. Nf3 Bg7 4. Nc3 O-O 5. Bg5 h6 6. Bh4 d6 7. e3 Bg4 8. Be2
a6 9. Qb3 Qc8 10. Nd5 Nc6 11. Nxf6+ Bxf6 12. Bxf6 exf6 13. h3 Bxf3 14. Bxf3 Rb8
15. O-O Qd7 16. Qc3 Rfe8 17. b4 Ne7 18. d5 Qf5 19. Rac1 Qe5 20. Qd2 Nf5 21. g3
b6 22. e4 Ng7 23. Rfe1 h5 24. Bg2 f5 25. f4 Qf6 26. e5 dxe5 27. Qc3 h4 28. Rxe5
hxg3 29. Rce1 Qh4 30. Rxe8+ Rxe8 31. Rxe8+ Nxe8 32. Qe5 Kf8 33. c5 Qf6 34. Bf3
Qxe5 35. fxe5 f6 36. d6 fxe5 37. d7 Ke7 38. dxe8=Q+ Kxe8 39. Bb7 a5 40. bxa5
bxa5 41. Kg2 f4 42. h4 Ke7 43. Kh3 Ke6 {=} 44. Kg4 Kf6 45. Be4 Kf7 46. Kg5 Kg7
47. a4 1-0

[Event "4NCL/Div3/SCS1 vs. OXF1"]
[Site "Telford ENG"]
[Date "2005.04.16"]
[Round "7.5"]
[White "Kilpatrick, Callum"]
[Black "Smallbone, Kieran"]
[Result "0-1"]
[WhiteElo "2048"]
[BlackElo "2170"]
[PlyCount "80"]
[EventDate "2005.04.16"]
[EventType "team"]
[EventRounds "11"]
[EventCountry "ENG"]
[SourceDate "2004.09.21"]

1. e4 c6 2. d4 d5 3. exd5 cxd5 4. c4 Nf6 5. Nc3 Nc6 6. Bg5 Be6 7. Nge2 h6 8.
Bxf6 exf6 9. cxd5 Bxd5 10. Nf4 Bb4 11. Qe2+ Kf8 12. O-O-O Bxc3 13. bxc3 Rc8 14.
Kb2 Na5 15. Nxd5 Qxd5 16. Qb5 Qxb5+ 17. Bxb5 Ke7 18. Rhe1+ Kd6 19. Re3 a6 20.
Bf1 Rc7 21. Rde1 Rhc8 22. Rg3 g6 23. Rf3 f5 24. g4 f4 25. h4 Nc4+ 26. Bxc4 Rxc4
27. Rxf4 Rxc3 28. Rxf7 Rc2+ 29. Kb1 Rd2 30. Rc1 Re8 31. Rc2 Rxd4 32. Rxb7 Rxg4
33. Rb6+ Kd5 34. Rxa6 Rxh4 35. Rxg6 Rh1+ 36. Kb2 Rb8+ 37. Ka3 Ra8+ 38. Kb3 Rb8+
39. Kc3 Rc8+ 40. Kb3 Rb1+ 0-1

[Event "4NCL/Div3/SCS1 vs. OXF1"]
[Site "Telford ENG"]
[Date "2005.04.16"]
[Round "7.6"]
[White "Coleman, James"]
[Black "Sen, Subin"]
[Result "0-1"]
[WhiteElo "2225"]
[BlackElo "1973"]
[PlyCount "70"]
[EventDate "2005.04.16"]
[EventType "team"]
[EventRounds "11"]
[EventCountry "ENG"]
[SourceDate "2004.09.21"]

1. d4 Nf6 2. Nf3 g6 3. Nc3 d5 4. Bf4 Bg7 5. e3 O-O 6. Be2 b6 7. Ne5 Bb7 8. h4
Nbd7 9. h5 Nxe5 10. Bxe5 Nd7 11. hxg6 hxg6 12. Bxg7 Kxg7 13. Qd2 Rh8 14. O-O-O
e6 15. Bf3 Nf6 16. g4 Qe7 17. Ne2 Ne4 18. Bxe4 dxe4 19. Nf4 Rad8 20. Qe2 Rxh1
21. Rxh1 e5 22. dxe5 Qxe5 23. Qf1 Rh8 24. Rxh8 Kxh8 25. Qh3+ Kg7 26. Qh4 Qa5
27. b3 Qxa2 28. Qg5 Qa1+ 29. Kd2 Qa5+ 30. Qxa5 bxa5 31. g5 Kf8 32. Kc3 Ke7 33.
Ne2 Kd6 34. Nd4 Ba6 35. f4 c5 0-1

[Event "4NCL/Div3/SCS1 vs. OXF1"]
[Site "Telford ENG"]
[Date "2005.04.16"]
[Round "7.7"]
[White "Mooring, Ross A C"]
[Black "Starkie, Ray"]
[Result "0-1"]
[WhiteElo "2027"]
[BlackElo "2090"]
[PlyCount "60"]
[EventDate "2005.04.16"]
[EventType "team"]
[EventRounds "11"]
[EventCountry "ENG"]
[SourceDate "2004.09.21"]

1. e4 c5 2. Nc3 Nc6 3. g3 g6 4. Bg2 Bg7 5. Nge2 d6 6. d3 Bd7 7. Be3 Nf6 8. h3
O-O 9. O-O b5 10. Qd2 Rb8 11. Bh6 b4 12. Nd1 Nd4 13. Bxg7 Kxg7 14. g4 Qc8 15.
Ne3 h5 16. g5 Nh7 17. h4 f5 18. f4 fxe4 19. Bxe4 Nf5 20. Nxf5+ Bxf5 21. Bg2 Bh3
22. Qe3 Bxg2 23. Kxg2 Qg4+ 24. Ng3 Rbe8 25. d4 cxd4 26. Qxd4+ e5 27. Qxa7+ Rf7
28. Qxf7+ Kxf7 29. fxe5+ Kg7 30. exd6 Re2+ 0-1

[Event "4NCL/Div3/SCS1 vs. OXF1"]
[Site "Telford ENG"]
[Date "2005.04.16"]
[Round "7.8"]
[White "Gai, Guangun"]
[Black "Lowry-O'Reilly, Hannah"]
[Result "1/2-1/2"]
[WhiteElo "1745"]
[BlackElo "1765"]
[PlyCount "77"]
[EventDate "2005.04.16"]
[EventType "team"]
[EventRounds "11"]
[EventCountry "ENG"]
[SourceDate "2004.09.21"]

1. c4 Nf6 2. Nc3 g6 3. g3 Bg7 4. Bg2 c6 5. e4 d6 6. Nge2 Nbd7 7. d3 O-O 8. O-O
Re8 9. Rb1 Nf8 10. Qc2 Bd7 11. b3 Ne6 12. a4 Qa5 13. b4 Qh5 14. f3 Bh6 15. Bxh6
Qxh6 16. Qc1 Qxc1 17. Rfxc1 Rac8 18. b5 Kg7 19. bxc6 bxc6 20. d4 Rb8 21. Rd1
Nc7 22. d5 c5 23. Nb5 Nxb5 24. axb5 e6 25. Nc3 exd5 26. Nxd5 Nxd5 27. Rxd5 Rb6
28. Rc1 a6 29. bxa6 Rxa6 30. Rcd1 Be6 31. Rxd6 Bxc4 32. Bf1 Bxf1 33. Kxf1 Ra3
34. R6d3 Ra2 35. R1d2 Rea8 36. Rxa2 Rxa2 37. Rc3 Rxh2 38. Rxc5 Rd2 39. Rc3
1/2-1/2

[Event "4NCL/Div3/ATH vs. FCA1"]
[Site "Telford ENG"]
[Date "2005.04.16"]
[Round "7.1"]
[White "Spreeuw, Jaap"]
[Black "Macdonald-Ross, Michael"]
[Result "1/2-1/2"]
[WhiteElo "2306"]
[BlackElo "2206"]
[PlyCount "58"]
[EventDate "2005.04.16"]
[EventType "team"]
[EventRounds "11"]
[EventCountry "ENG"]
[SourceDate "2004.09.21"]

1. c4 e6 2. Nc3 d5 3. d4 Be7 4. cxd5 exd5 5. Bf4 c6 6. e3 Bf5 7. g4 Be6 8. h3
Nd7 9. Nf3 Nb6 10. Qc2 Nf6 11. Bd3 g6 12. O-O-O Rc8 13. Kb1 Nfd7 14. Rdg1 c5
15. h4 c4 16. Be2 h6 17. Nb5 a6 18. Nd6+ Bxd6 19. Bxd6 Nf6 20. Be5 Nxg4 21. Ng5
hxg5 22. Bxg4 Bxg4 23. Rxg4 Rxh4 24. Rhxh4 gxh4 25. Rxg6 fxg6 26. Qxg6+ Kd7 27.
Qd6+ Ke8 28. Qg6+ Kd7 29. Qd6+ Ke8 1/2-1/2

[Event "4NCL/Div3/ATH vs. FCA1"]
[Site "Telford ENG"]
[Date "2005.04.16"]
[Round "7.2"]
[White "Smith, Graham"]
[Black "Pedersen, Carsten"]
[Result "1-0"]
[WhiteElo "2118"]
[BlackElo "2146"]
[PlyCount "55"]
[EventDate "2005.04.16"]
[EventType "team"]
[EventRounds "11"]
[EventCountry "ENG"]
[SourceDate "2004.09.21"]

1. e4 e6 2. b3 d5 3. Bb2 Nf6 4. e5 Nfd7 5. Qg4 c5 6. f4 Nc6 7. Nf3 a6 8. Be2
Nb4 9. Na3 d4 10. O-O g6 11. c3 Nc6 12. cxd4 Nxd4 13. Nxd4 cxd4 14. Nc4 f5 15.
exf6 Nxf6 16. Qg3 Bc5 17. Bd3 Nh5 18. Bxg6+ hxg6 19. Qxg6+ Kf8 20. f5 e5 21.
Nxe5 Qd5 22. Rae1 Bd7 23. Qg5 Rh7 24. Ng6+ Kf7 25. Re5 Qc6 26. Ne7 Qf6 27. Qg6+
Kf8 28. Qg8# 1-0

[Event "4NCL/Div3/ATH vs. FCA1"]
[Site "Telford ENG"]
[Date "2005.04.16"]
[Round "7.3"]
[White "Quinn, John M"]
[Black "Constantinou, Peter"]
[Result "1/2-1/2"]
[WhiteElo "2157"]
[BlackElo "2123"]
[PlyCount "34"]
[EventDate "2005.04.16"]
[EventType "team"]
[EventRounds "11"]
[EventCountry "ENG"]
[SourceDate "2004.09.21"]

1. d4 g6 2. c4 Bg7 3. Nc3 c5 4. d5 Bxc3+ 5. bxc3 f5 6. h4 Nf6 7. h5 Rg8 8. hxg6
hxg6 9. Nf3 Qa5 10. Qc2 d6 11. Bg5 Nbd7 12. e3 Nb6 13. Bd3 Bd7 14. Rb1 O-O-O
15. Qb2 {=} Qa6 16. Qe2 Rde8 17. Rb3 Ng4 1/2-1/2